| 000 | 01878nam0a2200337 4500 | ||
|---|---|---|---|
| 001 | RU\NLR\BIBL_A\016310756 | ||
| 005 | 20230526110931.0 | ||
| 021 |
_aRU _bКН-П-23-006010 _9КН-П-23-0584 |
||
| 035 | _a(NLR Aleph) 016310756 | ||
| 035 | _a(RuMoRGB)011567733 | ||
| 090 |
_a13001798 _c13001798 |
||
| 100 | _a20230315d2022 u y0rusy50 ca | ||
| 101 | 0 | _arus | |
| 102 | _aRU | ||
| 105 | _aa|||j|||000zy | ||
| 181 | 0 |
_ai _baxxe |
|
| 182 | 0 | _an | |
| 200 | 1 |
_aДеловой этикет в библиотеке _eметодические рекомендации для обучающихся по направлению подготовки 51.04.06 "Библиотечно-информационная деятельность", профиль подготовки "Теория и методология библиотечно-педагогической деятельности" _fС. А. Езова _gФГБОУ ВО "Восточно-Сибирский государственный институт культуры |
|
| 203 |
_aТекст _bвизуальный _cнепосредственный |
||
| 210 |
_aУлан-Удэ _cИздательско-полиграфический комплекс фГБОУ ВО ВСГИК _d2022 |
||
| 215 |
_a39 с. _cтабл. _d20 |
||
| 320 | _aБиблиогр.: с. 17-21, 39 и в подстроч. примеч. | ||
| 606 | 1 |
_aБиблиотекари _jМетодические пособия _xПрофессиональная этика _92185126 _3RU\NLR\AUTH\661313793 |
|
| 686 | 1 | _aЧ73п я73 | |
| 686 | 1 | _aС550.567я73 | |
| 700 | 1 |
_7ca _8rus _aЕзова _bС. А. _f1943- _gСветлана Андреевна _914061 _3RU\NLR\AUTH\7731047 |
|
| 942 | _cBOOK | ||
| 980 | _aNB | ||